000 01068nam a2200301 c 4500
003 BLK
005 20220705152736.0
008 180408b bul|||||r ||||||| ||bul||
010 _aKNG00098495000
020 _a978-954-759-231-5
_bиздат.: РИТТ
040 _aBLK
041 _aBUL
_cBUL
072 7 _2bullib
_aН84
_xБългарска художествена литература Н
080 _aБългарска литература
_b821.163.2
_x-992
_z821.163.2-992
100 1 _aПавлова, Стоянка Костова
_eпърви автор
_9299929
139 _aПавлова, Стоянка Костова
_bП 13
245 1 0 _aАвстралийска приказка
_bПътепис
_cСтоянка Костова Павлова.
257 _aBGR
260 Силистра
_bРИТТ
_c2009
300 _a170 с.
_c20 см
380 _aX
659 _aН
852 _aЦб 250161
856 4 _qpdf
_u
856 4 _qpdf
_u
942 _cKNG
_n0
_02
944 _aCR
_c03.12.2010
_lф /
_kВаля_Йорданова
944 _aED
_c05.10.2011
_lф /
_k
999 _c93687
_d93687